=LDR 00000nam 2200000 4500 =001 INLIS000000000032554 =005 20130612134545 =008 ***********************************ind** =035 ##$$0010-061300000032554 =041 ##$$a ind =082 ##$$a 425 =090 ##$$a 425, Roc s =100 ##$$a Rochani, Ida =245 ##$$a Strategi Meraih Nilai Toefl Tinggi Preparation For The Toefl, Ida Rochani =260 ##$$a 2009 $b Yogyakarta =300 ##$$a vi,194 hlm, 27 cm =650 ##$$a Bahasa Inggris Toefl =850 ##$$a NBPNMAT